[Event "Manizales op 27th"]
[Site "Manizales"]
[Date "2022.01.08"]
[Round "4"]
[White "Vargas, Eduar Misael"]
[Black "Medina, Luis Fernando"]
[Result "1-0"]
[WhiteElo "1926"]
[BlackElo "1685"]
[PlyCount "57"]
[EventDate "2022.01.06"]
[EventType "swiss"]
[EventRounds "8"]
[EventCountry "COL"]
[SourceTitle "CBM 206 Extra"]
[Source "ChessBase"]
[SourceDate "2022.03.31"]
[SourceVersion "1"]
[SourceVersionDate "2022.03.31"]
[SourceQuality "1"]

1. d4 b6 2. c4 e6 3. e4 Nc6 4. Nf3 h6 5. Nc3 Bb4 6. Bd3 Nf6 7. 0-0 Bxc3 8. bxc3 0-0 9. e5 Ne8 10. Qe2 f5 11. Rd1 Bb7 12. d5 exd5 13. cxd5 Ne7 14. c4 Ng6 15. Qc2 Ne7 16. Ba3 f4 17. Nh4 g5 18. Bxe7 Qxe7 19. Ng6 Qf7 20. Nxf8 Kxf8 21. Bg6 Qg7 22. Qf5+ Kg8 23. Bh5 d6 24. e6 Nf6 25. Bf7+ Kh8 26. Rac1 Rf8 27. Qg6 Rxf7 28. Qxf7 Qxf7 29. exf7 1-0

[Event "Manizales op 21st"]
[Site "Manizales"]
[Date "2009.01.09"]
[Round "3"]
[White "Osorio, Edwin"]
[Black "Medina, Luis Fernando"]
[Result "1-0"]
[WhiteElo "1790"]
[BlackElo "1600"]
[PlyCount "61"]
[EventDate "2009.01.08"]
[EventType "swiss"]
[EventRounds "7"]
[EventCountry "COL"]
[SourceTitle "CBM 128 Extra"]
[Source "ChessBase"]
[SourceDate "2009.03.05"]
[SourceVersion "2"]
[SourceVersionDate "2009.03.25"]
[SourceQuality "1"]

1. e4 e5 2. Nf3 Nf6 3. d4 Nxe4 4. Bd3 f5 5. Nxe5 Qh4 6. 0-0 d5 7. Qe2 Bd6 8. Nd2 0-0 9. Ndf3 Qh5 10. c4 c6 11. Qc2 Nd7 12. Be2 Ndf6 13. h3 Be6 14. Qb3 b6 15. Nxc6 Rfc8 16. Nce5 Bxe5 17. dxe5 dxc4 18. Qc2 Nd5 19. Ng5 Qe8 20. Nxe4 fxe4 21. Qxe4 c3 22. Bd3 Qh5 23. bxc3 Nxc3 24. Qe3 Rc5 25. f4 Rac8 26. Ba3 R5c6 27. f5 Bxa2 28. Ba6 Bc4 29. Bxc8 Rxc8 30. Qxc3 Ba6 31. Qf3 1-0